|
|
|
|
| LEADER |
02077nam a22003613i 4500 |
| 001 |
EBC5525591 |
| 003 |
MiAaPQ |
| 005 |
20231204023214.0 |
| 006 |
m o d | |
| 007 |
cr cnu|||||||| |
| 008 |
231204s2019 xx o ||||0 eng d |
| 020 |
|
|
|a 9783110562088
|q (electronic bk.)
|
| 020 |
|
|
|z 9783110562071
|
| 035 |
|
|
|a (MiAaPQ)EBC5525591
|
| 035 |
|
|
|a (Au-PeEL)EBL5525591
|
| 035 |
|
|
|a (OCoLC)1135607187
|
| 040 |
|
|
|a MiAaPQ
|b eng
|e rda
|e pn
|c MiAaPQ
|d MiAaPQ
|
| 100 |
1 |
|
|a Dessì Schmid, Sarah.
|
| 245 |
1 |
0 |
|a Aspectuality :
|b An Onomasiological Model Applied to the Romance Languages.
|
| 250 |
|
|
|a 1st ed.
|
| 264 |
|
1 |
|a Berlin/Boston :
|b Walter de Gruyter GmbH,
|c 2019.
|
| 264 |
|
4 |
|c {copy}2019.
|
| 300 |
|
|
|a 1 online resource (282 pages)
|
| 336 |
|
|
|a text
|b txt
|2 rdacontent
|
| 337 |
|
|
|a computer
|b c
|2 rdamedia
|
| 338 |
|
|
|a online resource
|b cr
|2 rdacarrier
|
| 505 |
0 |
|
|a Intro -- Preface to English Edition -- Preface -- Contents -- Introduction -- 1. The Temporal Structuring of States of Affairs - Tense, Aspect and Aktionsart -- 2. The Aspectual Domain -- 3. Aspectuality as a Complex, Semantic, Universal Category. Theoretical and Methodological Foundations -- 4. The Model of Aspectuality as an Internal Temporal Structuring of States of Affairs -- 5. Combinations of the Dimensions of Aspectuality in the Situation Frame: the First Level of the Model Applied -- 6. The Second Level of the Aspectuality Model Applied -- 7. Closing Remarks -- Abbreviations -- References -- Author Index.
|
| 588 |
|
|
|a Description based on publisher supplied metadata and other sources.
|
| 590 |
|
|
|a Electronic reproduction. Ann Arbor, Michigan : ProQuest Ebook Central, 2023. Available via World Wide Web. Access may be limited to ProQuest Ebook Central affiliated libraries.
|
| 655 |
|
4 |
|a Electronic books.
|
| 776 |
0 |
8 |
|i Print version:
|a Dessì Schmid, Sarah
|t Aspectuality
|d Berlin/Boston : Walter de Gruyter GmbH,c2019
|z 9783110562071
|
| 797 |
2 |
|
|a ProQuest (Firm)
|
| 856 |
4 |
0 |
|u https://ebookcentral.proquest.com/lib/matrademy/detail.action?docID=5525591
|z Click to View
|